• 首页
  • 本馆介绍
  • 公告通知
  • 最新文献
  • 馆藏检索
  • 电子资源
  • 读者导购
  • 参考咨询
  • 我的图书馆
  • 登录
  • 详细信息显示
  • 放入我的书架
  • 预约/预借图书
  • 作者相关作品
  • 分类相关作品
  • 丛书相关作品
  • 出版社相关作品

书目信息

  • 表格格式
  • 工作单格式
  • 卡片格式
题名:
喷水织造实用技术300问
    
 
作者: 裘愉发 , 吕波 主编
分册:  
出版信息: 北京   中国纺织出版社  2006
页数: 20,484页
开本: 21cm
丛书名: 纺织新技术书库
单 册:
中图分类: TS105.4 , TS103.33
科图分类:
主题词: 喷水织机--纺织工艺--基本知识 , 喷水织机 , 纺织工艺
电子资源:
ISBN: 7-5064-3894-1
000 01031oam2 2200301 450
001 012015000388
005 20150911084107.29
010    @a7-5064-3894-1@dCNY35.00
100    @a20060618d2006 em y0chiy50 ea
101 0  @achi
102    @aCN@b110000
105    @aa z 000yy
106    @ar
200 1  @a喷水织造实用技术300问@Apen shui zhi zao shi yong ji shu 300 wen@f裘愉发,吕波主编
210    @a北京@c中国纺织出版社@d2006
215    @a20,484页@c图@d21cm
225 2  @a纺织新技术书库@v56
330    @a本书从喷水织造的发展、常用的原料、织物品种、准备工种、织造工程等方面,采用通俗易懂的问答方式,将生产中筛选出的300个最有代表性的技术问题的产生原因、解决办法进行剖析、解释。
461  0 @12001 @a纺织新技术书库
606 0  @a喷水织机@x纺织工艺@x基本知识
606 0  @a喷水织机
606 0  @a纺织工艺
690    @aTS105.4@v5
690    @aTS103.33@v5
701  0 @a裘愉发@Aqiu yu fa@f(1939.4~)@4主编
701  0 @a吕波@Alü bo@c(服装设计)@4主编
801  0 @aCN@b碧洲教育@c20150716
905    @a10447@f4@dTS105.4@e16
    
    喷水织造实用技术300问/裘愉发,吕波主编.-北京:中国纺织出版社,2006
    20,484页:图;21cm.-(纺织新技术书库;56)
    
    
    ISBN 7-5064-3894-1:CNY35.00
    本书从喷水织造的发展、常用的原料、织物品种、准备工种、织造工程等方面,采用通俗易懂的问答方式,将生产中筛选出的300个最有代表性的技术问题的产生原因、解决办法进行剖析、解释。
●
相关链接 在E读中查询图书 在五车中查询图书 在当当中查询图书 在豆瓣中查询图书


正题名:喷水织造实用技术300问     索取号:TS105.4/16         预约/预借

序号 登录号 条形码 馆藏地/架位号 状态 备注
1 0849492   208494921   第二样本阅览室/ [索取号:TS105.4/16] 在馆    
2 0849493   208494930   第三借阅区/ [索取号:TS105.4/16] 在馆    
3 0849494   208494949   第三借阅区/ [索取号:TS105.4/16] 在馆    
4 0849495   208494958   第三借阅区/ [索取号:TS105.4/16] 在馆    
唐山师范学院图书馆 欢迎您!
大连网信软件有限公司© 版权所有